000 01127nam a22003011 4500
001 33515
003 BD-RjUL
005 20211209052024.0
008 140508s1965 nyu b 001 0 eng
035 _a(BD-RjUL)33606
040 _aDLC
_cDLC
_dDLC
_dBD-RjUL
_beng
041 _aeng
082 0 0 _a301.082
_bAPP 1965
100 1 _d1920-
_9101713
245 1 0 _aApplied sociology :
_bopportunities and problems /
_cEdited by Alvin W. Gouldner and S. M. Miller for the Society for the Study of Social Problems.
_nPart 1 :
_pA clinical Approach
260 _aNew York :
_bFree Press,
_c1965.
300 _axiii, 466 p. ;
_c24 cm.
500 _a"Most of the papers ... were given at the 1961 meetings of the Society in St. Louis."
504 _aIncludes bibliographical references and index.
650 0 _aApplied sociology.
_9101714
650 0 _aSocial problems.
_9101715
700 1 _aMiller, S. M.
_q(Seymour Michael),
_d1922-
_ejoint ed.
_9101716
700 1 _aGouldner, Alvin Ward,
_9101717
710 2 _aSociety for the Study of Social Problems.
_9101718
942 _2ddc
_cBK
999 _c33515
_d33515